000 00449nam a22001817a 4500
003 MPLRDC
005 20220104144333.0
008 210129b ||||| |||| 00| 0 eng d
082 _a524.911 ZXS c.2
100 _a中学生丛书编委会
245 _a统考初中华文作文选
_c
250 _a一版二刷
260 _a
_b董总
_c1995
300 _b
490 _a中学生丛书之十一
650 _a
942 _cBK
_o524.911 ZXS c.2
999 _c48638
_d48628